LEADER 00867cam0-2200301---450- 001 990005085300403321 005 20110614104527.0 035 $a000508530 035 $aFED01000508530 035 $a(Aleph)000508530FED01 035 $a000508530 100 $a19990604d1929----km-y0itay50------ba 101 2 $afre$ager 102 $aFR 105 $a--------001by 200 1 $aSapho$fGrillparzer$gtexte traduit et présenté par Auguste Ehrhard 210 $aParis$cEditions Montaigne$d1929 215 $aXXXII, 95 p.$d19 cm 225 1 $aCollection bilingue des classiques étrangers 676 $a832.7 700 1$aGrillparzer,$bFranz$f<1791-1892>$0131814 801 0$aIT$bUNINA$gRICA$2UNIMARC 901 $aBK 912 $a990005085300403321 952 $a833.7 GRIL 2(1FR)$bIst.f.m.2651$fFLFBC 959 $aFLFBC 996 $aSapho$9536599 997 $aUNINA LEADER 03275 am 2200757 n 450 001 9910313031103321 005 20180920 010 $a979-1-03-000383-3 024 7 $a10.4000/books.pub.1466 035 $a(CKB)4100000007810482 035 $a(FrMaCLE)OB-pub-1466 035 $a(oapen)https://directory.doabooks.org/handle/20.500.12854/52378 035 $a(PPN)235360341 035 $a(EXLCZ)994100000007810482 100 $a20190307j|||||||| ||| 0 101 0 $afre 135 $auu||||||m|||| 181 $ctxt$2rdacontent 182 $cc$2rdamedia 183 $acr$2rdacarrier 200 12$aL?Homme face aux crues et aux inondations /$fJean-Noël Salomon 210 $aPessac $cPresses Universitaires de Bordeaux$d2018 215 $a1 online resource (140 p.) 311 $a2-86781-199-6 330 $aLes dégâts provoqués par les crues et les inondations n'ont cessé d'augmenter ces dernières décennies. Le nombre de personnes affectées par ces catastrophes croît plus vite que le taux de croissance démographique. Dix pour cent de la population française et pas moins de 300 agglomérations sont directement concernés. Après les scientifiques, les compagnies d'assurance, puis les pouvoirs publics prennent conscience des coûts induits par ces risques naturels, et de la nécessité d'une politique d'aménagement qui leur soit mieux adaptée. Cela réclame en premier lieu une meilleure compréhension des phénomènes incriminés. Dans cette étude, l'auteur s'attache à montrer les causes et les effets engendrés par les crues et les inondations ; il analyse aussi les moyens par lesquels l'homme s'efforce de lutter contre ce qu'on a trop tendance à considérer comme un fléau ?imprévisible... Loin d'approuver les politiques de contrainte de la nature, préconisées la plupart du temps par les ingénieurs, notamment au niveau des seuls lits fluviaux, Jean-Noël Salomon souhaite démontrer qu'une approche « naturaliste » globale, menée au niveau du bassin versant dans son entier et sur le long terme, servirait mieux riverains et contribuables. 606 $aGeography 606 $aenvironnement 606 $agéographie 606 $aclimat 606 $ahydrologie 606 $aérosion 606 $agéosystème 606 $ainondation 606 $ahydrographie 606 $ainteraction homme/milieu 606 $acrue 606 $asociété 610 $agéographie 610 $asociété 610 $acrue 610 $aclimat 610 $agéosystème 610 $ainteraction homme/milieu 610 $ahydrologie 610 $aenvironnement 610 $aérosion 610 $ainondation 610 $ahydrographie 615 4$aGeography 615 4$aenvironnement 615 4$agéographie 615 4$aclimat 615 4$ahydrologie 615 4$aérosion 615 4$agéosystème 615 4$ainondation 615 4$ahydrographie 615 4$ainteraction homme/milieu 615 4$acrue 615 4$asociété 700 $aSalomon$b Jean-Noël$01238366 801 0$bFR-FrMaCLE 906 $aBOOK 912 $a9910313031103321 996 $aL?Homme face aux crues et aux inondations$93021483 997 $aUNINA LEADER 05218oam 2200733I 450 001 9910785854503321 005 20230801224417.0 010 $a1-135-24683-1 010 $a1-283-60757-3 010 $a9786613920027 010 $a1-135-24684-X 010 $a0-203-86863-3 024 7 $a10.4324/9780203868638 035 $a(CKB)2670000000246571 035 $a(EBL)1024757 035 $a(OCoLC)811506704 035 $a(SSID)ssj0000711117 035 $a(PQKBManifestationID)11397067 035 $a(PQKBTitleCode)TC0000711117 035 $a(PQKBWorkID)10682130 035 $a(PQKB)11630323 035 $a(MiAaPQ)EBC1024757 035 $a(Au-PeEL)EBL1024757 035 $a(CaPaEBR)ebr10603703 035 $a(CaONFJC)MIL392002 035 $a(OCoLC)810531528 035 $a(FINmELB)ELB132598 035 $a(EXLCZ)992670000000246571 100 $a20180706d2012 uy 0 101 0 $aeng 135 $aur|n|---||||| 181 $ctxt 182 $cc 183 $acr 200 00$aClinical neuropsychological foundations of schizophrenia /$fedited by Bernice A. Marcopulos and Matthew M. Kurtz 210 1$aNew York, N.Y. :$cPsychology Press,$d2012. 215 $a1 online resource (357 p.) 225 1 $aAmerican Academy of Clinical Neuropsychology/Psychology Press continuing education series 225 0$aAmerican Academy of Clinical Neuropsychology/Psychology Press continuing education series 300 $aDescription based upon print version of record. 311 $a1-138-10993-2 311 $a1-84872-877-8 320 $aIncludes bibliographical references and index. 327 $aFront Cover; Clinical Neuropsychological Foundations of Schizophrenia; Copyright Page; Contents; List of Figures; Preface; Contributors; 1. Cognition in Schizophrenia: Matthew M. Kurtz and Bernice A. Marcopulos; 2. Schizophrenia as a Developmental Brain Disorder: Matcheri S. Keshavan and Vaibhav A. Diwadkar; 3. Neuropsychological Assessment of Persons with Schizophrenia: Bernice A. Marcopulos and Daryl Fujii; 4. Neurocognition and Functional Outcome in Schizophrenia: Matthew M. Kurtz; 5. Cultural Issues in Neuropsychological Testing in Persons with Schizophrenia: Daryl Fujii 327 $a6. Developmental Disabilities and Schizophrenia: Anthony P. De Marco and Bernice A. Marcopulos7. Neuropsychological Considerations in Older Adults with Schizophrenia: Colin A Depp, Casey Loughran, and Barton W. Palmer; 8. Medical Comorbidity in Schizophrenia: William S. Stone and Matcheri S. Keshavan; 9. Traumatic Brain Injury and Schizophrenia: Laura A. Flashman, Thomas McAllister, & Richard Ferrell; 10. Influence of Comorbid Substance Use Disorders on Cognition in Schizophrenia: Kim T. Mueser and Susan R. McGurk 327 $a11. Medication and Cognition in Schizophrenia: Nicole Sestito and Terry E. Goldberg12. Neuropsychologically Informed Interventions to Treat Cognitive Impairment in Schizophrenia: Alice Medalia and Dona Bellucci; 13. Criminal Forensic Neuropsychological Evaluations Implications for Schizophrenia: Chriscelyn M. Tussey and Bernice A. Marcopulos; Index 330 $a"This volume is the first practitioner-oriented source of information on the neuropsychology of schizophrenia that conveys the growth in the field in terms of what is known about cognition in schizophrenia, its assessment, and how this informs clinical practice.It provides the practicing clinical neuropsychologist, and other professionals working with persons with schizophrenia, with the knowledge and tools they need to provide competent professional neuropsychological services. It includes an overview of developmental models of schizophrenia and its associated neuropathologies, so that the clinician can fully understand how vulnerability and progression of the disorder influence brain development and functioning, and how cognition and functioning are associated with these changes. In addition, the volume covers contemporary evidence-based assessment and interventions, including cognitive remediation and other cognitive oriented interventions. Throughout, the research findings are synthesized to make them clinically relevant to clinical neuropsychologists working in outpatient or inpatient psychiatric settings.The book is an invaluable resource for practicing professional neuropsychologists, clinical psychologists, psychiatrists, and neuropsychiatrists, as well as graduate students of these disciplines, interns, and postdoctoral residents and fellows who work with schizophrenic patients"--$cProvided by publisher. 410 0$aAmerican Academy of Clinical Neuropsychology/Psychology Press Continuing Education Series 606 $aNeuropsychology 606 $aSchizophrenia 615 0$aNeuropsychology. 615 0$aSchizophrenia. 676 $a616.89/8 676 $a616.898 686 $aPSY000000$aPSY022050$2bisacsh 701 $aKurtz$b Matthew M.$f1967-$01248968 701 $aMarcopulos$b Bernice A$01495264 801 0$bMiAaPQ 801 1$bMiAaPQ 801 2$bMiAaPQ 906 $aBOOK 912 $a9910785854503321 996 $aClinical neuropsychological foundations of schizophrenia$93719301 997 $aUNINA